Online Catalogue and eLibrary

Understading the impacts of development interventions on poverty : (Record no. 4409)

MARC details
000 -LEADER
fixed length control field 00523nam a2200193Ia 4500
005 - DATE AND TIME OF LATEST TRANSACTION
control field 20240606005417.0
008 - FIXED-LENGTH DATA ELEMENTS--GENERAL INFORMATION
fixed length control field 240331s9999 xx 000 0 und d
020 ## - INTERNATIONAL STANDARD BOOK NUMBER
ISBN 9551040244
082 ## - DDC Classification
Item Number - Author Mark UND
Class No. 362
100 ## - MAIN ENTRY--PERSONAL NAME
Personal name Gunathilake,N
245 #0 - TITLE STATEMENT
Title Understading the impacts of development interventions on poverty :
Remainder of title terventions on poverty
260 ## - PUBLICATION, DISTRIBUTION, ETC.
Place of publication, distribution, etc. Colombo
Name of publisher, distributor, etc. CEPA
Date of publication, distribution, etc. 2005
300 ## - PHYSICAL DESCRIPTION
Extent (e.g. Volumes, Pages etc.) 295 P.,
650 ## - SUBJECT ADDED ENTRY--TOPICAL TERM
Topical term or geographic name entry element Poverty
650 ## - SUBJECT ADDED ENTRY--TOPICAL TERM
Topical term or geographic name entry element Development Studies
700 ## - ADDED ENTRY--PERSONAL NAME
Personal name Gunathilake,N
700 ## - ADDED ENTRY--PERSONAL NAME
Personal name Goonasekara,S
942 ## - Koha item type (Biblio)
Koha item type Books in Stacks (Lending)
Holdings
Lost status Damaged status Collection code Home library Current library Shelving location Date acquired Full call number Accession Number Item type
    Lending WERC Library WERC Library Social Science Cupboard 03/31/2024 362.5 UND 6523 Books in Stacks (Lending)

© WERC Library